000 00307nam a22001337a 4500
008 180824b xxu||||| |||| 00| 0 eng d
020 _a9780792356325
041 _aeng
080 _a617
100 _a6
101 _aANE
245 _aANESTHESIA FOR THE NEW MILLENIUM
_cSTANLEY.TH.H
942 _2udc
_cBK
999 _c47319
_d47319